Greek Logo Quiz Level 13 - Statistics

General Stats
  • This quiz has been taken 25 times
  • The average score is 12 of 25
Answer Stats
Picture Hint Answer % Correct
B_u_ St__ F_rr__s Blue Star Ferries
80%
M_lk_ Milka
80%
Μ_ν_ττ_ Μινέττα
60%
Μ_λ_μ_τ_ν_ Μαλαματίνα
60%
Ραδιόφωνο στους 99,2 Μελωδία
60%
B_s__ Bosch
60%
E_stp_k Eastpak
60%
I__y Illy
60%
I_sp_t Inspot
60%
Γνωστός Ιστότοπος Wikipedia/Βικιπαιδεια
60%
Διαλέγεις … Διαλέγεις Ποιότητα! Υφαντής
40%
Ελληνική Ποδοσφαιρική Ομοσπονδία ΕΠΟ/Ελληνική Ποδοσφαιρική Ομοσπονδία
40%
Κ_τ_ε_ης Κατσέλης
40%
A_p_s b_nk Aspis bank
40%
Γνωστά Κομπιούτερ Compaq
40%
Ελληνικό Κατάστημα Κινητών Cosmote
40%
E_rob_nk Eurobank
40%
F_ss__r Fissler
40%
G__ch_ P__zi_si Giochi Preziosi
40%
Γνωστό Ουίσκι Jack Daniel’s
40%
Ελληνική καπνοβιομηχανία με έδρα την Καλαμάτα Karelia
40%
Οικολογική σειρά απορρυπαντικών προϊόντων Planet
40%
Κάρτες τηλεπικοινωνιών του Wind Q
40%
T_st_ Tasty
40%
T_rb_x Turbox
40%
No matching quizzes found
Score Distribution
Percent of People with Each Score
Percentile by Number Answered
Your Score History
You have not taken this quiz